000
00314nam a2200145Ia 4500
100
_a
Experienced Professor
942
_c
BK
654
_a
Mechanics
245
_a
Applied Mechanics ( Solved )
260
_b
V.B.DPub.
_a
Nagpur
_c
1989
082
_a
621
_b
V B D
300
_a
193
546
_a
ENGLISH
999
_c
28355
_d
28355